FIFA World Team of the Year 2013 - Statistics

General Stats
  • This quiz has been taken 1,931 times
  • The average score is 9 of 11
Answer Stats
Position Player % Correct
Forward Cristiano Ronaldo
98%
Forward Lionel Messi
98%
Goalie Manuel Neuer
94%
Defender Sergio Ramos
89%
Midfielder Andres Iniesta
87%
Midfielder Xavi Hernandez
85%
Defender Philipp Lahm
73%
Defender Dani Alves
67%
Forward Zlaton Ibrahimovic
60%
Defender Thiago Silva
57%
Midfielder Franck Ribery
56%
No matching quizzes found
Score Distribution
Percent of People with Each Score
Percentile by Number Answered
Your Score History
You have not taken this quiz